000 01066nam a2200325Ia 4500
003 OSt
005 20221007125705.0
006 a|||||r|||| 00| 0
007 ta
008 221006b |||||||| |||| 00| 0 eng d
020 _a0750674636 (hbd)
_cRs.2671.24
024 _a76196
037 _b64, 04/12/2006, Dhanraj Book House
_cTextbook
040 _aCDL
_cCDL
_beng
041 _2eng
_aeng
082 _aE:296, N5;P2;6-;7 Carc
100 _aChoppin Gregory R
245 0 _aRadiochemistry and nuclear chemistry
_b Liljenzin Jan-Olov Rydberg Jan
250 _a3
260 _aLondon
_bButterworth-Heinemann
_c2002
300 _a709p.
_ccm.
500 _aAppendix A-C, 674-686p.; Index 687-709p.
650 _a Nuclear chemistry
650 _a Radiochemistry
650 _aChemistry
700 _a Liljenzin Jan-Olov
700 _a Rydberg Jan
942 _hE:296, N5;P2;6-;7 Carc
_cTB
_2CC
999 _c1215710
_d1215710